Statistics for Top Girls and Boys Names from 1300s England

Click here to take the quiz!

General Stats

  • This quiz has been taken 402 times
  • The average score is 12 of 38

Answer Stats

GBNames% Correct
BoyJohn
89%
BoyWilliam
79%
GirlElizabeth
77%
BoyHenry
77%
BoyRichard
68%
BoyRobert
62%
GirlKatherine
56%
GirlMargaret
56%
BoyThomas
55%
BoyPeter
51%
BoyDavid
46%
GirlSarah
46%
BoyStephen
43%
GirlJoan
40%
GirlAlice
36%
GirlIsabel
35%
BoyPhilip
31%
BoyAdam
26%
GirlEllen
25%
BoyNicholas
25%
BoyWalter
24%
BoySimon
20%
GirlAgnes
19%
GirlMatilda
18%
GirlEdith
17%
BoyRoger
13%
GirlChristine
10%
BoyGeoffrey
10%
GirlBeatrice
9%
BoyHugh
8%
GirlJulian
7%
BoyRalph
7%
GirlMargery
4%
BoyReginald
3%
BoyGilbert
2%
GirlAmice
0%
GirlCecile
0%
GirlEmme
0%

Score Distribution

Percentile by Number Answered

Percent of People with Each Score

Your Score History

You have not taken this quiz